Datum a čas kvízu
28.5
Celkem bodů
Celkový počet nahraných bodů na tomto kvízu bez doplňovacích otázek.
5.
Pořadí na kvízu
Konečné umístění týmu na tomto kvízu.
Zaznamenané odpovědi
| # | Otázka | Odpověď | Body | Výsledky |
|---|---|---|---|---|
| 1. | V Olomouci se objevil případ m... | na sušáku na prádlo (na klepači na koberce) | 0 | |
| 2. | Který ze členů britské královs... | princ Andrew | 0 | |
| 3. | Počátkem týdne jsme se dozvědě... | Katy Perry; Justin Trudeau | 0.5 | |
| 4. | Která technologická společnost... | Apple | 1 | |
| 5. | Fotbalisté z malého afrického... | Kapverdy | 0 | |
| 6. | Napište jméno pouště na obrázk... | Namib (Namibská poušť) | 1 | |
| 7. | Kterým slovem se označuje pouš... | vádí | 1 | |
| 8. | Vyberte, se kterým živočichem... | B | 0 | |
| 9. | Vojáci Československého pěšího... | Tobruk | 1 | |
| 10. | Britský umělec Gordon Sumner s... | Sting | 0 |